Statistics for This Day in Sports (August 15)

Click here to take the quiz!

General Stats

  • This quiz has been taken 6 times
  • The average score is 6 of 8

Answer Stats

QuestionAnswer% Correct
1903: New Zealand’s national rugby team plays against which other team in their first Rugby Test Match?Australia
100%
1999: This golfer wins his second major.Tiger Woods
100%
1959: The Green Bay Packers take the field for the first time with this head coach.Vince Lombardi
100%
1912: Yankee Guy Zin steals which base twice in a game?Home Plate
83%
1993: This pitcher gets his final victory.Nolan Ryan
67%
2012: Felix Hernandez throws a perfect game for what team?Seattle Mariners
50%
1960: Which CFL team moves into McMahon Stadium in Calgary?Stampeders
50%
1977: England regains the crickets Ashes from what country?Australia
33%

Score Distribution

Percentile by Number Answered

Percent of People with Each Score

Your Score History

You have not taken this quiz